Premio a la investigación e innovación educativa 2007-2012 : (Registro nro. 35725)

Detalles MARC
000 -CABECERA
Longitud fija campo de control 01318nam a2200313 a 4500
003 - • IDENTIFICADOR DELl NÚMERO DE CONTROL
Identificador del número de control CO-ViMGA
005 - • FECHA Y HORA DE LA ÚLTIMA TRANSACCIÓN
Fecha y hora de la última transacción 20230915233139.0
008 - • CÓDIGOS DE INFORMACIÓN DE LONGITUD FIJA
Códigos de información de longitud fija 151130s2015 ck a gr 000 0 spa d
020 ## - • NÚMERO INTERNACIONAL NORMALIZADO PARA LIBROS
Número Internacional Normalizado para Libros (ISBN) 9789588780399
040 ## - FUENTE DE LA CATALOGACIÓN
Centro catalogador de origen CO-ViMGA
Lengua de catalogación spa
Centro transcriptor CO-ViMGA
043 ## - CÓDIGO DE ÁREA GEOGRÁFICA
Código de área geográfica s-ck---
082 04 - • NÚMERO DE LA CLASIFICACIÓN DECIMAL DEWEY
Número de clasificación (R) 370.7
Número del ítem J87p
100 1# - • PUNTO DE ACCESO PRINCIPAL-NOMBRE DE PERSONA
Nombre de persona Jurado Valencia, Fabio,
Fechas asociadas al nombre 1954-
245 10 - • TITULO PROPIAMENTE DICHO
Título Premio a la investigación e innovación educativa 2007-2012 :
Resto del título un estado del arte /
Mención de responsabilidad, etc. Fabio Jurado Valencia, Sayra Liliana Benítez, Silvia Alejandra Rey.
300 ## - • DESCRIPCIÓN FÍSICA
Extensión 244 p. :
Dimensiones il., gráficas,24 cm.
490 0# - • MENCIÓN DE SERIE
Mención de serie Colección investigación e innovación ;
Designación de volumen o secuencia 1
500 ## - • NOTA GENERAL
Nota general Incluye índice
504 ## - • NOTA DE BIBLIOGRAFÍA, ETC
Nota de bibliografía, etc. Incluye referencias bibliográficas (páginas 241-244)
610 14 - • PUNTO DE ACCESO ADICIONAL DE MATERIA - NOMBRE DE ENTIDAD CORPORATIVA
Nombre de entidad corporativa o nombre de jurisdicción como elemento inicial Bogotá (Colombia).
Unidad subordinada Alcaldía Mayor.
-- Instituto para la Investigación Educativa y el Desarrollo Pedagógico
Subdivisió,n de materia general Investigaciones
Subdivisión cronológica 2012.
650 14 - • PUNTO DE ACCESO ADICIONAL DE MATERIA - TÉRMINO DE MATERIA
Término de materia o nombre geográfico como elemento inicial Innovaciones educativas
Subdivisión de materia general Investigaciones
Subdivisión geográfica Bogotá (Colombia)
Subdivisión cronológica 2007-2012.
650 14 - • PUNTO DE ACCESO ADICIONAL DE MATERIA - TÉRMINO DE MATERIA
Término de materia o nombre geográfico como elemento inicial Investigación educativa
Subdivisión geográfica Bogotá (Colombia)
Subdivisión cronológica 2007-2012.
700 1# - • PUNTO DE ACCESO ADICIONAL - NOMBRE DE PERSONA
Nombre de persona Benítez, Sayra Liliana.
700 1# - • PUNTO DE ACCESO ADICIONAL - NOMBRE DE PERSONA
Nombre de persona Rey González, Silvia Alejandra.
942 ## - ENTRADA DE ELEMENTOS AGREGADOS (KOHA)
Koha [por defecto] tipo de item LIbro
949 ## - TRATAMIENTO DE LA INFORMACIÓN LOCAL (OCLC)
a
Existencias
Perdido Fuente de clasificación o esquema Estado Físico No para préstamo Forma de adquisición Localización permanente Localización actual Fecha adquisición Coste, precio normal de compra Préstamos totales Signatura completa Código de barras Fecha última consulta Número de copia Fecha del precio de reemplazo Tipo de item de Koha
  Dewey Decimal Classification     Sala General Segundo Piso Biblioteca Pública Germán Arciniegas - Villavicencio Biblioteca Pública Germán Arciniegas - Villavicencio 08/25/2016 16451.00   370.7 J87p 30430 08/25/2016 Ej. 1 08/25/2016 LIbro









Instituto Departamental de Cultura del Meta - Red Departamental de Bibliotecas Públicas del Meta.